00603ntaaa2200205 45000030003000000050017000030080021000200400037000410820017000781000029000952450030001242500010001542600070001643000010002345000013002446500013002579420007002709990017002779520103002940120251027202649.00714s1973 ag 01  aAR-BaBNbspacAR-BaBNeaacrdRIC a395.0000 Ei2 aEichler, Lillian 926150 aThe new book of etiquette a1 ed. aGarden City, New York : bGarden City Publishing Company, cc1924 a277 p aEtiqueta aetiqueta cBK c21832d21832 00104070aBPbBPd2025-10-27i20040l0o395.0000 Ei2p20040r2025-10-27 20:26:49w2025-10-27yBK